Promise me forever (Record no. 614578)

000 -LEADER
fixed length control field 00316nam a22001337a 4500
020 ## - INTERNATIONAL STANDARD BOOK NUMBER
International Standard Book Number 9780890813973
082 ## - DEWEY DECIMAL CLASSIFICATION NUMBER
Classification number 813.54
Author Mark COL
100 ## - MAIN ENTRY--PERSONAL NAME
Personal name Collins,Colette
245 ## - TITLE STATEMENT
Title Promise me forever
260 ## - PUBLICATION, DISTRIBUTION, ETC.
Place of publication, distribution, etc. Harvest house publishers;
Name of publisher, distributor, etc. Oregon,
Date of publication, distribution, etc. 1983.
300 ## - PHYSICAL DESCRIPTION
Extent 190p. ;
563 ## - BINDING INFORMATION
Binding note PB
942 ## - ADDED ENTRY ELEMENTS (KOHA)
Source of classification or shelving scheme
Koha item type Fiction
Holdings
Withdrawn status Lost status Source of classification or shelving scheme Damaged status Not for loan Permanent Location Current Location Date acquired Total Checkouts Full call number Barcode Date last seen Price effective from Koha item type
          Central Library (CL) Central Library (CL) 08/28/2025   813.54 COL CL-D-3026 09/25/2025 08/28/2025 Fiction
© 2023 Central Library, National University of Sciences and Technology. All Rights Reserved.